[Event "UKR-chT 10th"]
[Site "Alushta"]
[Date "2002.04.12"]
[Round "3"]
[White "Doluhanova, Evgeniya"]
[Black "Murko, Viktor"]
[Result "0-1"]
[WhiteElo "2207"]
[BlackElo "2220"]
[PlyCount "96"]
[EventDate "2002.04.09"]
[EventType "team-swiss"]
[EventRounds "9"]
[EventCountry "UKR"]
[SourceTitle "EXT 2019"]
[Source "ChessBase"]
[SourceDate "2018.10.10"]
[SourceVersion "1"]
[SourceVersionDate "2018.10.10"]
[SourceQuality "1"]
[WhiteTeam "Lozova Chess Club"]
[BlackTeam "Simferopol Crimean Engin and Pedagog"]
[WhiteTeamCountry "UKR"]
[BlackTeamCountry "UKR"]

1. e4 e6 2. d4 d5 3. Nc3 Bb4 4. e5 c5 5. a3 Bxc3+ 6. bxc3 Qc7 7. Nf3 Ne7 8. Bd3 b6 9. 0-0 Ba6 10. a4 Bxd3 11. Qxd3 Nbc6 12. Ba3 c4 13. Qd2 h6 14. Nh4 g5 15. Nf3 Nf5 16. Ne1 g4 17. Qf4 h5 18. g3 0-0-0 19. Ng2 Nce7 20. Bxe7 Qxe7 21. Ne3 Nh6 22. a5 b5 23. a6 Kd7 24. Rfb1 Rb8 25. Rb4 Kc6 26. Nf1 Nf5 27. Nd2 Ng7 28. Nb1 Ne8 29. Qc1 Nc7 30. Qa3 Kd7 31. Qb2 Rb6 32. Ra5 Rhb8 33. Na3 Kc6 34. Qa2 f5 35. Nb1 h4 36. Qa3 Kd7 37. Nd2 f4 38. Nf1 fxg3 39. fxg3 hxg3 40. hxg3 Qg5 41. Rb1 Rh8 42. Qc1 Qh5 43. Qd1 Rbb8 44. Kf2 Rbf8+ 45. Ke2 Qf5 46. Kd2 Qg5+ 47. Ke2 Rh1 48. Qc1 Qf5 0-1